Statistics for Five Most Populous Island Countries By Continent

Click here to take the quiz!

General Stats

  • This quiz has been taken 82 times
  • The average score is 21 of 24

Answer Stats

HintPopulationCountry% Correct
Africa20 mMadagascar
99%
Asia255 mIndonesia
95%
Europe65 mUnited Kingdom
95%
North America11 mCuba
93%
Oceania4.6 mNew Zealand
93%
North America10 mDominican Republic
92%
North America10 mHaiti
91%
Europe0.3 mIceland
91%
Europe4.5 mIreland
91%
Asia127 mJapan
91%
Asia101 mPhilippines
91%
Europe0.4 mMalta
88%
Africa1.2 mMauritius
88%
Oceania0.8 mFiji
87%
North America2.8 mJamaica
87%
Asia20 mSri Lanka
87%
Africa0.5 mCape Verde
86%
Oceania6.7 mPapua New Guinea
86%
Asia23 mTaiwan
84%
Africa0.8 mComoros
83%
Africa0.1 mSao Tome and Principe
83%
Oceania0.5 mSolomon Islands
76%
North America1.2 mTrinidad and Tobago
75%
Oceania0.2 mVanuatu
75%

Score Distribution

Percentile by Number Answered

Percent of People with Each Score

Your Score History

You have not taken this quiz